书目信息 |
| 题名: |
中国近现代当代舞蹈发展史
|
|
| 作者: | 王克芬 , 隆荫培 主编 | |
| 分册: | ||
| 出版信息: | 北京 人民音乐出版社 1999 |
|
| 页数: | 11,853页 | |
| 开本: | 20cm | |
| 丛书名: | ||
| 单 册: | ||
| 中图分类: | J709.2 | |
| 科图分类: | ||
| 主题词: | 舞蹈史--中国--1840~1996 , CT--S079812--舞蹈史 | |
| 电子资源: | ||
| ISBN: | 7-103-01807-3 | |
| 000 | 00879nam0 2200253 45 | |
| 001 | 012001016952 | |
| 005 | 20070806181308.92 | |
| 010 | @a7-103-01807-3@dCNY49.90 | |
| 100 | @a20010316d1999 emky0chiy0110 ea | |
| 101 | 0 | @achi |
| 102 | @aCN@b110000 | |
| 105 | @aa z 000yd | |
| 200 | 1 | @a中国近现代当代舞蹈发展史@9zhong guo jin xian dai dang dai wu dao fa zhan shi@e1840~1996@f王克芬,隆荫培主编 |
| 210 | @a北京@c人民音乐出版社@d1999@h2007 | |
| 215 | @a11,853页@c图@d20cm | |
| 300 | @a全国艺术科学“九五”规划国家重点课题 | |
| 330 | @a本书记述了1840年至1996年间中国舞蹈艺术发展的历程,是一部弥补舞蹈历史学科空白的重要学术著作。 | |
| 606 | 0 | @a舞蹈史@y中国@z1840~1996 |
| 606 | 0 | @2CT@3S079812@a舞蹈史 |
| 690 | @aJ709.2@v4 | |
| 701 | 0 | @a王克芬@9wang ke fen@4主编 |
| 701 | 0 | @a隆荫培@9long yin pei@4主编 |
| 801 | 0 | @aCN@bNLC@c20070806 |
| 905 | @a10447@dJ709.2@e100 | |
| 中国近现代当代舞蹈发展史:1840~1996/王克芬,隆荫培主编.-北京:人民音乐出版社,1999(2007) |
| 11,853页:图;20cm |
| 全国艺术科学“九五”规划国家重点课题 |
| ISBN 7-103-01807-3:CNY49.90 |
| 本书记述了1840年至1996年间中国舞蹈艺术发展的历程,是一部弥补舞蹈历史学科空白的重要学术著作。 |
| ● |
| 相关链接 |
|
|
|
|
正题名:中国近现代当代舞蹈发展史
索取号:J709.2/100
 
预约/预借
| 序号 | 登录号 | 条形码 | 馆藏地/架位号 | 状态 | 备注 |
| 1 | 0804328 | 208043286 | 第一样本阅览室/ [索取号:J709.2/100] | 在馆 | |
| 2 | 0804329 | 208043295 | 第一借阅区/ [索取号:J709.2/100] | 在馆 | |
| 3 | 0804330 | 208043302 | 第一借阅区/ [索取号:J709.2/100] | 在馆 | |
| 4 | 0804331 | 208043311 | 第一借阅区/ [索取号:J709.2/100] | 在馆 | |
| 5 | 0804332 | 208043320 | 音乐系资料室/ [索取号:J709.2/100] | 在馆 |